000
00209 a2200097 4500
001
13817
100
_a
Castle F
245
_a
Four Figure Mathematical
260
_a
London
_b
Macmillan
_c
090
_c
10796
_d
10796
942
_a
NUST-CAE
_c
M
_c
887
999
_c
248890
_d
248890